Quizzes
Events
Quiz Creation
Community
Videos
Private Events
Remove Ads
Sign In
Join for FREE
Feedback
Dark Mode
Quiz Categories
Sports
Geography
Music
Movies
Television
Just For Fun
Miscellaneous
History
Literature
Language
Science
Gaming
Entertainment
Religion
Holiday
For Kids
Quiz Lab
Recent
Popular Today
Quiz Kudos Today
Editor Picks
Curator Picks
Quizzes by...
Day
Popularity
Type
Ratings
Length
Year
Community
Subscriptions
Recent Discussions
Orange Saloon
Badges
Playlists
Quests
Create
Leaderboards
Showdown
Live 5
Trivia Bingo
Activity
Puzzle Library
Sporcle Events
Private Events
Virtual Trivia
Globe League
Become a Host
Pub Owners
SporcleCon
Opinionation
Our Games
Videos
Blog
Mobile Apps
Partnerships
Remove Ads and Go Orange
Feedback
Science
Computer
Plants
Astronomy
Chemistry
Elements
Math
Animal
Physics
Anatomy
Biology
Geology
General Science
Science
Computer
Plants
Astronomy
Chemistry
Elements
Math
Animal
Physics
Anatomy
Biology
Geology
General Science
Random Quiz
Search Sporcle
×
Quiz Lab
Quiz Lab
Science
Physiology
Type in answers that appear in a list
Type in answers that appear in a list
Classic
Best Score? Go Orange.
Acid/base physiology Stats
Can you name the Acid/base physiology?
By
ntrabbitguy
20m
48 Questions
31 Plays
31 Plays
31 Plays
Comments
Comments
Give Quiz Kudos
Give Quiz Kudos
-
- Ratings
hide this ad
Forced Order
Answers have to be entered in order
Answers have to be entered in order
Replay
Link that replays current quiz
Next Quiz
Link to next quiz in quiz playlist
You Got
0%
They Got
Avg Score
40%
Avg Friend Score
Upgrade to see
Score Distribution
Jump to the score distribution portion of the page
Score
0/48
Timer
20:00
0
Plays Today
% Correct
true
83.9%
acidic
80.6%
basic
77.4%
False, that is the barely viable range. Normal is 7.36 to 7.44
77.4%
true
74.2%
buffers, respiratory system, kidneys
71%
carbonic anhydrase
67.7%
phosphate
64.5%
pneumonia (RESPIRATORY acidosis)
54.8%
diabetes
54.8%
a buffer solution
51.6%
false, the pressure is 40 mmHg
51.6%
acidosis
51.6%
true
48.4%
false, it may be used with caution to treat metabolic acidosis, but should never be used to treat respiratory acidosis
48.4%
metabolic acidosis
48.4%
proximal tubule
45.2%
distal tubule
45.2%
aldosterone
45.2%
metabolic acidosis
45.2%
metabolic alkalosis
45.2%
respiratory acidosis
45.2%
respiratory alkalosis
45.2%
actual base excess (ABE)
41.9%
% Correct
respiratory alkalosis
41.9%
organic
41.9%
Na+-H+
38.7%
A weak, unstable acid (like H2CO3)
35.5%
65%
35.5%
collecting duct
35.5%
strong ions
35.5%
both increased
32.3%
hypercapnia
32.3%
20:1
29%
reabsorption of HCO3-
29%
gap between total measure cations and anions (anion gap)
29%
Henderson-Hasselbalch equation
22.6%
ammonium
22.6%
base excess
22.6%
loss of albumin, which contributes to the gap
19.4%
pH, pCO2, hematocrit
16.1%
regeneration of new bicarbonate in association with excretion of titratable acid
12.9%
alter reabsorption of HCO3- and secretion of H+
9.7%
HCO3- and A- concentration
9.7%
insertion or removal of proton pumps in apical membrane
6.5%
loss of bicarbonate
6.5%
hyperchloremic acidosis
6.5%
excretion of acid in the form of ammonia and regeneration of bicarbonate
3.2%
Quiz Playlist
Details
Report
Send in Message
Add To Playlist
Classic:
Type in answers that appear in a list
Forced Order:
Answers have to be entered in order
Last Updated: Feb 16, 2017
Quiz Scoreboard
CHALLENGE
Sign Up to Join the Scoreboard
Show All
Scores
Hide
Comments
May contain spoilers
Recently Published
College Basketball Coaching Resumes
by pancakes188
Sports
9m
Billboard Blitz: Fleetwood Mac
by CooCooCachoo
Music
15s
Presidents Visiting Landmarks
by Hejman
History
7m
More to Explore
Quiz From the Vault
Featured Blog Post
Where Did the Easter Bunny Come From?
hide this ad
You Might Also Like...
Tags
Acid
base
Physiology
Today's Top Quizzes in Science
Browse Science
hide this ad
Today's Top Quizzes in Physiology
Browse Physiology
Top Contributed Quizzes in Science
1
Quick Pick: Radians
2
Quick Pick: 'CI-CJ' Animals
3
The First 100 Digits of Pi
4
Elements In Images
5
One Thing in Common: Science
6
Science Jokes
7
Name the Acid, Base or Salt
8
One Thing in Common: Science II
9
One Thing in Common: Science III
10
One Thing in Common: Animals
Explore More
Trending Topics
Anime
Crossword
Kpop
NBA
Marvel
Harry Potter
Disney
Puzzle
Soccer
Pokémon
Song
NFL
Country
WWE
The Office
hide this ad
More By:
ntrabbitguy
Quiz
Plays
Rating
Category
Featured
Created
Renal physiology
122
Science
Apr 9, 2012
Osteology of limbs and hindlimb
107
1.00
Science
Mar 24, 2012
Immunology
105
Science
Apr 7, 2012
Ruminant, equine and urogenital abdominal anatomy
68
Science
Mar 10, 2012
Histology Final
44
Science
Apr 12, 2012
Go to Creator's Profile
Score Distribution
Quiz Creator Spotlight
ntrabbitguy
Follow
Send a Message
Quizzes Created
-
Created Quiz Play Count
-
More By This Creator
Popular Quizzes Today
1
Find the US States - No Outlines Minefield
2
Find the Countries of Europe - No Outlines Minefield
3
The Countries of the World
4
Find the US States
5
Risky Map Clicking: Biggest States A-Z
6
US States
7
Popular People in 1961
8
Movies - When Are They Set?
More Science Quizzes
Biological 'G' Scramble
Curator's Pick
Trending Quizzes
Risky Map Clicking: Least Populous States A-Z
1-10 Letter G Words
1-10 Letter F Words
Risky Map Clicking: Next State Alphabetically
Risky Map Clicking: Biggest States A-Z
Recently Updated
Leaping Animals
pecheneg
Reality TV Shows (A-Z)
bhenderson79
Rickey Henderson's Hall of Fame Teammates
pecheneg
Champions League XIs: Arsenal
pecheneg
Quick Pick: Celebrities in WWE's Hall of Fame
aduchscher
A-Z Keypad Blitz II
pecheneg
Multiple Oscar Actors
pecheneg
Mystery Phrase Blitz: Oscar 'Best Actors'
pecheneg
F. Scott Fitzgerald Novels
LTH
Pick 3 Villains
ddd62291
Trending Topics
Kpop
NBA
Crossword
Harry Potter
Disney
Anime
Marvel
Country
NFL
The Office
Puzzle
Song
Soccer
WWE
Pokémon
Your Account Isn't Verified!
In order to create a playlist on Sporcle, you need to verify the email address you used during registration. Go to your
Sporcle Settings
to finish the process.
Report this User
Report this user for behavior that violates our
Community Guidelines
.
Details:
Send Report
Go to the Sporcle.com Mobile Site →
Comments